| 000 | 01281nam a2200325 i 4500 | ||
|---|---|---|---|
| 001 | 000049231 | ||
| 003 | DO-SdBNP | ||
| 005 | 20250307093436.0 | ||
| 007 | ta | ||
| 008 | 190731s2018 dr c r 000 0 spa d | ||
| 020 | _a9789945582666 | ||
| 040 |
_aDO-SdBNP _bspa _cBNPHU _erda |
||
| 082 | 4 |
_a306.097293 _bV145c 2018 _222 |
|
| 100 | 1 |
_aValdez Albizu, Héctor, _d1947- _eautor _912322 |
|
| 245 | 1 | 3 |
_aLa cultura en el Banco Central : _bdiscursos 2016-2018 / _cHéctor Valdez Albizu. |
| 264 | 4 |
_aSanto Domingo : _bBanco Central de la República Dominicana, _c2018. |
|
| 300 |
_a159 páginas : _bilustraciones, fotos ; _c23 cm. |
||
| 336 |
_2rdacontent _atexto _btxt |
||
| 337 |
_2rdamedia _asin mediación _bn |
||
| 338 |
_2rdacarrier _avolumen _bnc |
||
| 490 |
_aBanco Central de la República Dominicana _v252 |
||
| 490 |
_aArte y literatura _v91 |
||
| 500 | _aIncluye datos biográficos del autor en las solapas | ||
| 590 | _aInventariado, 2019/BT | ||
| 650 | 4 |
_aCultura _zRepública Dominicana _927116 _vEnsayos, conferencias, etc. _y2016-2018 |
|
| 650 | 4 |
_aCultura _zRepública Dominicana _xHistoria _973025 _vEnsayos, conferencias, etc, _y2016-2018 |
|
| 710 | 2 |
_aBanco Central de la República Dominicana _983405 |
|
| 910 | _aValidado. Control de calidad MFF | ||
| 942 |
_2ddc _cLBS1 |
||
| 999 |
_c48719 _d48719 |
||